[Event "zonal 3.5 (w)"]
[Site "Zhongshan CHN"]
[Date "2013.11.03"]
[Round "6.5"]
[White "Wang Doudou"]
[Black "Gu Tianlu"]
[Result "1/2-1/2"]
[WhiteElo "2226"]
[BlackElo "1984"]
[EventDate "2013.10.29"]
[PlyCount "153"]

1.d4 d5 2.c4 c6 3.Nc3 Nf6 4.Nf3 g6 5.e3 Bg7 6.Qb3 O-O 7.Bd3 a6 8.O-O dxc4 
9.Bxc4 b5 10.Be2 Bf5 11.Rd1 Nbd7 12.a4 Qc7 13.h3 h6 14.Nh4 Be6 15.Qc2 b4 
16.Ne4 b3 17.Qd3 c5 18.Nxf6+ Nxf6 19.Bd2 c4 20.Qb1 Bd5 21.Bf3 Qb7 22.Bxd5 
Qxd5 23.Nf3 a5 24.Bc3 Ne4 25.Qc1 Qf5 26.Rf1 Nd6 27.Re1 Qd5 28.Nd2 f5 29.
Qd1 e6 30.Qf3 Ne4 31.Nxe4 fxe4 32.Qg4 Kh7 33.Rf1 Rf7 34.f3 exf3 35.Rxf3 h5
36.Qg3 Rf5 37.Rxf5 gxf5 38.Qf3 Qxf3 39.gxf3 Bf8 40.Rc1 Rb8 41.Bxa5 Ra8 42.
Bc3 Rxa4 43.Kf2 Kg6 44.e4 fxe4 45.fxe4 Bh6 46.Rg1+ Kf7 47.Kf3 Ra8 48.d5 
exd5 49.exd5 Re8 50.Rd1 Re3+ 51.Kg2 Rd3 52.Rxd3 cxd3 53.Kf2 Ke7 54.Be5 Bd2
55.Kf3 Bh6 56.Kf2 Bg5 57.Kf3 Kf7 58.Kf2 Kg6 59.Kf3 Kf5 60.Bc3 Bf4 61.d6 d2
62.Ke2 Bxd6 63.Kxd2 Kf4 64.Bf6 Kf5 65.Bh4 Ke4 66.Kc3 Kf3 67.Bf6 Kg3 68.h4 
Kg4 69.Kxb3 Bg3 70.Kc4 Bxh4 71.Bxh4 Kxh4 72.b4 Kg4 73.b5 h4 74.b6 h3 75.b7
h2 76.b8=Q h1=Q 77.Qg8+ 1/2-1/2

[Event "zonal 3.5 (w)"]
[Site "Zhongshan CHN"]
[Date "2013.11.03"]
[Round "6.6"]
[White "Zhai Mo"]
[Black "Liu Manli"]
[Result "1-0"]
[WhiteElo "2301"]
[BlackElo "2133"]
[EventDate "2013.10.29"]
[PlyCount "95"]

1.e4 e6 2.d4 d5 3.Nd2 c5 4.exd5 Qxd5 5.Ngf3 cxd4 6.Bc4 Qd7 7.O-O Nc6 8.Nb3
Nf6 9.Nbxd4 Nxd4 10.Nxd4 a6 11.a4 Bc5 12.Be3 Qc7 13.Bg5 Bd6 14.Bb5+ Kf8 
15.Bxf6 gxf6 16.Be2 Bxh2+ 17.Kh1 Bd6 18.Qd3 h5 19.Rad1 Be5 20.Qa3+ Kg7 21.
Qh3 Bd7 22.Qh4 Bf4 23.Rd3 e5 24.Rc3 Qd6 25.Nb3 Bg4 26.Rd1 Qe7 27.f3 Rad8 
28.Qf2 Rxd1+ 29.Bxd1 Rd8 30.Be2 Bf5 31.Qb6 Qd6 32.Qxd6 Rxd6 33.Bd3 e4 34.
fxe4 Bxe4 35.Nc5 Bc6 36.Rc4 Be3 37.Ne4 Re6 38.Ng3 Re5 39.b4 Bf2 40.Ne4 Be1
41.Nd6 f5 42.Nxf5+ Kf6 43.Rf4 Kg5 44.Rf1 Bc3 45.Nd6 Kh4 46.Kh2 Re1 47.g3+ 
Kg4 48.Rf4+ 1-0

[Event "zonal 3.5 (w)"]
[Site "Zhongshan CHN"]
[Date "2013.11.03"]
[Round "6.11"]
[White "Huang Mofei"]
[Black "Xiao Yiyi"]
[Result "0-1"]
[WhiteElo "1984"]
[BlackElo "2187"]
[EventDate "2013.10.29"]
[PlyCount "90"]

1.d4 Nf6 2.c4 e6 3.Nf3 d5 4.e3 c5 5.Nc3 Nc6 6.cxd5 exd5 7.Ne5 Bd6 8.Bb5 
Qc7 9.Qa4 cxd4 10.Nxc6 dxc3 11.Nd4+ Ke7 12.Qb3 Be6 13.bxc3 Rhc8 14.Bb2 Ne4
15.Be2 a6 16.Rc1 Kf8 17.Bf3 Nf6 18.h3 b5 19.O-O Qc4 20.Be2 Qxb3 21.axb3 
Ke7 22.Rfd1 Ne4 23.c4 bxc4 24.Nxe6 c3 25.Nf4 Bxf4 26.Ba3+ Bd6 27.Bxd6+ 
Kxd6 28.Bc4 Nf6 29.e4 Rc5 30.exd5 Rac8 31.Rxc3 a5 32.Rg3 Nh5 33.Rf3 Nf6 
34.Ra1 R8c7 35.Rf5 Re7 36.g4 Nd7 37.Rf4 Nb6 38.Rd4 a4 39.Kf1 Rec7 40.Be2 
Rc1+ 41.Rd1 Rxa1 42.Rxa1 axb3 43.Rb1 Rc3 44.Bd1 Nc4 45.Ke2 b2 0-1

[Event "zonal 3.5 (w)"]
[Site "Zhongshan CHN"]
[Date "2013.11.03"]
[Round "6.13"]
[White "Hu Yu A"]
[Black "Qin Ranran"]
[Result "0-1"]
[WhiteElo "1861"]
[BlackElo "2045"]
[EventDate "2013.10.29"]
[PlyCount "88"]

1.e4 c5 2.Nf3 Nc6 3.d4 cxd4 4.Nxd4 g6 5.Nc3 Bg7 6.Be3 Nf6 7.Bc4 Qa5 8.O-O 
O-O 9.Bb3 d6 10.f3 Bd7 11.Qd2 Rfc8 12.Rad1 Ne5 13.Nd5 Qxd2 14.Rxd2 Nxd5 
15.Bxd5 Nc4 16.Bxc4 Rxc4 17.c3 b5 18.Nb3 a5 19.Bb6 a4 20.Nc5 Be8 21.Nd3 a3
22.b3 Rxc3 23.Nb4 Kf8 24.Nd5 Rc6 25.Bd4 Bxd4+ 26.Rxd4 f6 27.f4 Bf7 28.e5 
Bxd5 29.Rxd5 Rc5 30.Rfd1 Rxd5 31.Rxd5 dxe5 32.fxe5 Rc8 33.Rxb5 Rc1+ 34.Kf2
Rc2+ 35.Kf3 fxe5 36.Rxe5 Rxa2 37.Ra5 Ke8 38.Ra7 Ra1 39.h4 a2 40.Kf2 h5 41.
b4 Kd8 42.b5 Kc8 43.Kg3 e5 44.Kf2 e4 0-1

[Event "zonal 3.5 (w)"]
[Site "Zhongshan CHN"]
[Date "2013.11.03"]
[Round "6.15"]
[White "Xu Fei"]
[Black "Yuan Ye"]
[Result "0-1"]
[WhiteElo "1995"]
[BlackElo "2037"]
[EventDate "2013.10.29"]
[PlyCount "50"]

1.e4 e6 2.d4 d5 3.Nc3 Nf6 4.e5 Nfd7 5.f4 c5 6.Nf3 Nc6 7.Be3 Be7 8.Qd2 O-O 
9.O-O-O c4 10.f5 b5 11.fxe6 fxe6 12.Nxb5 Rb8 13.Nd6 Bxd6 14.exd6 Nf6 15.c3
Qa5 16.a3 Qb6 17.Qc2 Ne4 18.Ng5 Nxg5 19.Bxg5 e5 20.dxe5 Bf5 21.Qd2 Be4 22.
b4 cxb3 23.Qb2 Nxe5 24.Be7 Rf2 25.Rd2 Qe3 0-1

[Event "zonal 3.5 (w)"]
[Site "Zhongshan CHN"]
[Date "2013.11.04"]
[Round "7.2"]
[White "Lei Tingjie"]
[Black "Wang Doudou"]
[Result "1-0"]
[WhiteElo "2320"]
[BlackElo "2226"]
[EventDate "2013.10.29"]
[PlyCount "161"]

1.d4 d5 2.c4 e6 3.Nf3 Nf6 4.g3 c6 5.Qc2 Bd6 6.Bg2 O-O 7.Nbd2 Nbd7 8.O-O 
Re8 9.Re1 e5 10.cxd5 Nxd5 11.a3 exd4 12.Nxd4 N7f6 13.e4 Nb6 14.N2f3 Ng4 
15.Bg5 Qc7 16.Rac1 f6 17.Bd2 Qf7 18.a4 Ne5 19.Nxe5 Bxe5 20.Be3 Rd8 21.Nf3 
Bc7 22.a5 Nd7 23.a6 Ne5 24.Nxe5 Bxe5 25.axb7 Bxb7 26.b4 Bd4 27.Bxd4 Rxd4 
28.Qc5 Qd7 29.e5 fxe5 30.Rxe5 Rd1+ 31.Re1 Rxc1 32.Rxc1 h6 33.h4 Rf8 34.Re1
Qf5 35.Qxa7 Rf7 36.Qb6 Qd7 37.h5 Rf8 38.Qe3 Ba6 39.Qe6+ Qxe6 40.Rxe6 Rb8 
41.Bxc6 Kf8 42.Bd5 Bd3 43.Re3 Ba6 44.Rf3+ Ke7 45.Rf7+ Kd6 46.Bf3 Rxb4 47.
Rxg7 Bd3 48.g4 Ke5 49.Kg2 Kf4 50.Rf7+ Kg5 51.Rd7 Rb3 52.Bd1 Ra3 53.f3 Kh4 
54.Kf2 Bb5 55.Rd6 Ra1 56.Bb3 Rb1 57.Bg8 Rf1+ 58.Ke3 Kg3 59.Rf6 Re1+ 60.Kd4
Rd1+ 61.Kc5 Be2 62.Bd5 Rc1+ 63.Kd6 Rd1 64.Ke5 Re1 65.Be4 Bxf3 66.Rxf3+ 
Kxg4 67.Rf6 Kg5 68.Rf2 Re3 69.Kd4 Ra3 70.Bg6 Ra4+ 71.Ke5 Ra5+ 72.Ke6 Ra6+ 
73.Kf7 Ra7+ 74.Kg8 Rc7 75.Rf5+ Kg4 76.Ra5 Rb7 77.Bf7 Rc7 78.Kg7 Rb7 79.Ra6
Kg5 80.Rg6+ Kxh5 81.Rb6+ 1-0

[Event "zonal 3.5 (w)"]
[Site "Zhongshan CHN"]
[Date "2013.11.04"]
[Round "7.3"]
[White "Tan Zhongyi"]
[Black "Zhai Mo"]
[Result "1/2-1/2"]
[WhiteElo "2490"]
[BlackElo "2301"]
[EventDate "2013.10.29"]
[PlyCount "81"]

1.d4 Nf6 2.Nf3 e6 3.g3 d5 4.Bg2 Be7 5.O-O O-O 6.c4 dxc4 7.Ne5 Nc6 8.Bxc6 
bxc6 9.Nxc6 Qe8 10.Nxe7+ Qxe7 11.Qa4 e5 12.dxe5 Qxe5 13.Nc3 Ne4 14.Qxc4 
Nxc3 15.bxc3 Be6 16.Qd3 Rad8 17.Bf4 Rxd3 18.Bxe5 Rd2 19.Bxc7 Rc8 20.Be5 
Rxe2 21.Rfe1 Rxa2 22.Rxa2 Bxa2 23.Ra1 Bd5 24.f4 f6 25.Bd4 Rc7 26.Ra5 Be4 
27.Ra3 Rb7 28.Kf2 Bd5 29.Ke3 Bc4 30.Bc5 a6 31.Kd4 Bf1 32.Bb4 Rd7+ 33.Kc5 
Rd2 34.Ra1 Bd3 35.h3 Rg2 36.g4 Rh2 37.Kd4 Rxh3 38.c4 Be2 39.Rxa6 Rd3+ 40.
Ke4 Rd8 41.g5 1/2-1/2

[Event "zonal 3.5 (w)"]
[Site "Zhongshan CHN"]
[Date "2013.11.04"]
[Round "7.4"]
[White "Cai Jiaying"]
[Black "Zhang Xiaowen"]
[Result "0-1"]
[WhiteElo "2082"]
[BlackElo "2377"]
[EventDate "2013.10.29"]
[PlyCount "90"]

1.e4 e6 2.d4 d5 3.Nd2 c5 4.exd5 exd5 5.Ngf3 Nc6 6.Bb5 cxd4 7.Nxd4 Qe7+ 8.
Qe2 Qxe2+ 9.Nxe2 a6 10.Ba4 Bc5 11.O-O Nf6 12.Nf3 O-O 13.Bg5 Ne4 14.Bb3 Bg4
15.Bf4 g5 16.Be3 Bxe3 17.fxe3 Rad8 18.Rad1 Be6 19.c3 h6 20.Bc2 Nd6 21.b3 
Bf5 22.Nfd4 Nxd4 23.Nxd4 Bxc2 24.Nxc2 Ne4 25.Rd3 Rc8 26.Nb4 Rxc3 27.Rxd5 
Rxe3 28.Rd7 Re2 29.Nd5 Rxa2 30.Ne7+ Kg7 31.Nf5+ Kg6 32.Ne7+ Kh7 33.Rxb7 
Nd2 34.Rc1 Re8 35.b4 h5 36.h3 g4 37.hxg4 hxg4 38.Kh2 Ne4 39.Rf1 g3+ 40.Kh3
Rf2 41.Re1 Rf4 42.Nd5 Rf5 43.Ne3 Rg5 44.Rxf7+ Kg6 45.Rf4 Rh8+ 0-1

[Event "zonal 3.5 (w)"]
[Site "Zhongshan CHN"]
[Date "2013.11.04"]
[Round "7.5"]
[White "Ni Shiqun"]
[Black "Ren Xiaoyi"]
[Result "1-0"]
[WhiteElo "2207"]
[BlackElo "2198"]
[EventDate "2013.10.29"]
[PlyCount "87"]

1.e4 e5 2.Nf3 d6 3.Bc4 Be7 4.O-O Nf6 5.Re1 O-O 6.d3 Bg4 7.h3 Bh5 8.Nbd2 
Nc6 9.c3 a6 10.Bb3 b5 11.Nf1 Na5 12.Bc2 c5 13.Ng3 Bg6 14.Nh4 Ne8 15.Nhf5 
Nc6 16.Qg4 Nf6 17.Qf3 h6 18.a4 b4 19.Be3 Rb8 20.Rad1 bxc3 21.bxc3 Rb2 22.
Re2 Nh7 23.Bc1 Rb7 24.Ree1 Bg5 25.Ba3 h5 26.d4 h4 27.Ne2 exd4 28.e5 d5 29.
cxd4 cxd4 30.Nexd4 Nxd4 31.Rxd4 Qa5 32.Red1 Rc8 33.Rxd5 Qb6 34.Rd6 Qa7 35.
Be4 Rbc7 36.Bb2 Nf8 37.Bd4 Qb8 38.Rb6 Bxf5 39.Bxf5 Qa8 40.Be4 Qa7 41.Rbb1 
Qb8 42.Rxb8 Rxb8 43.e6 Nxe6 44.Be5 1-0

[Event "zonal 3.5 (w)"]
[Site "Zhongshan CHN"]
[Date "2013.11.04"]
[Round "7.7"]
[White "Su Yamin"]
[Black "Qiu Mengjie"]
[Result "1-0"]
[WhiteElo "2209"]
[BlackElo "2123"]
[EventDate "2013.10.29"]
[PlyCount "93"]

1.e4 e5 2.Nf3 Nc6 3.Bb5 Nf6 4.d3 Bc5 5.O-O Nd4 6.Nxd4 Bxd4 7.c3 Bb6 8.Nd2 
c6 9.Ba4 O-O 10.Nf3 d6 11.h3 h6 12.Re1 Nh7 13.Bb3 Qf6 14.Be3 Be6 15.Bxb6 
axb6 16.d4 Ng5 17.Nxg5 hxg5 18.d5 Bd7 19.dxc6 bxc6 20.Re3 Rad8 21.Rd3 Bc8 
22.Qd2 Ba6 23.Rg3 d5 24.Qxg5 Qxg5 25.Rxg5 f6 26.Rg3 Bc4 27.exd5 Bxd5 28.
Rd3 Bxb3 29.Rxd8 Rxd8 30.axb3 Rd5 31.Kf1 Rb5 32.b4 g6 33.Ra4 c5 34.Ke2 Kf7
35.Kd3 cxb4 36.Rxb4 Rd5+ 37.Ke4 Rd6 38.f4 exf4 39.Kxf4 Ke6 40.h4 Kd7 41.
Rd4 Kc6 42.Rxd6+ Kxd6 43.g4 Ke6 44.h5 Kf7 45.c4 Kg7 46.b4 f5 47.gxf5 1-0

[Event "zonal 3.5 (w)"]
[Site "Zhongshan CHN"]
[Date "2013.11.04"]
[Round "7.8"]
[White "Zhu Jiner"]
[Black "Li Xueyi"]
[Result "0-1"]
[WhiteElo "1829"]
[BlackElo "2134"]
[EventDate "2013.10.29"]
[PlyCount "86"]

1.e4 c6 2.d4 d5 3.e5 c5 4.dxc5 e6 5.Be3 Nc6 6.Bd4 Nh6 7.Nf3 Nf5 8.c3 a5 9.
Bb5 Bd7 10.Nbd2 Nxe5 11.Bxd7+ Nxd7 12.Qa4 Nxd4 13.cxd4 Be7 14.Ne5 f6 15.
Nxd7 Qxd7 16.Qxd7+ Kxd7 17.O-O-O b6 18.cxb6 Rhb8 19.Kb1 Rxb6 20.Rc1 Rab8 
21.Rc2 Ba3 22.Nb3 a4 23.Nc5+ Bxc5 24.dxc5 Ra6 25.f4 Rb4 26.g3 Kc6 27.Re1 
Re4 28.Rec1 h5 29.Rc3 Ra5 30.h4 Re2 31.Ra3 Rxc5 32.Rxc5+ Kxc5 33.Rxa4 d4 
34.Kc1 e5 35.fxe5 fxe5 36.Ra7 e4 37.Rd7 d3 38.Rc7+ Kd5 39.a4 e3 40.Rd7+ 
Ke4 41.b4 Ra2 42.Re7+ Kf3 43.Rf7+ Kg2 0-1

[Event "zonal 3.5 (w)"]
[Site "Zhongshan CHN"]
[Date "2013.11.04"]
[Round "7.9"]
[White "Xiao Yiyi"]
[Black "Hong Xing"]
[Result "1/2-1/2"]
[WhiteElo "2187"]
[BlackElo "1929"]
[EventDate "2013.10.29"]
[PlyCount "74"]

1.d4 Nf6 2.c4 c5 3.d5 b5 4.cxb5 a6 5.bxa6 Bxa6 6.Nc3 d6 7.g3 g6 8.Bg2 Bg7 
9.Nf3 O-O 10.O-O Nbd7 11.Qc2 Qa5 12.Rd1 Rfb8 13.Bd2 Ne8 14.e4 Nc7 15.b3 
Qa3 16.Bc1 Qb4 17.Bd2 Qa3 18.Rab1 Nb5 19.Na4 Nd4 20.Nxd4 cxd4 21.Bc1 Qb4 
22.a3 Qb7 23.Bf4 Bb5 24.Bf1 Rc8 25.Qd2 Bxa4 26.bxa4 Qa7 27.Bb5 Nc5 28.Re1 
Nxa4 29.Bxa4 Qxa4 30.e5 Qxa3 31.Qxd4 Ra4 32.Qb6 dxe5 33.Bxe5 Bxe5 34.Rxe5 
Rac4 35.Ree1 Qf3 36.Rbd1 Re4 37.d6 exd6 1/2-1/2

[Event "zonal 3.5 (w)"]
[Site "Zhongshan CHN"]
[Date "2013.11.04"]
[Round "7.11"]
[White "Liu Manli"]
[Black "Liu Hongyan"]
[Result "1/2-1/2"]
[WhiteElo "2133"]
[BlackElo "2058"]
[EventDate "2013.10.29"]
[PlyCount "143"]

1.e4 c5 2.Nf3 e6 3.d4 cxd4 4.Nxd4 a6 5.Bd3 Bc5 6.Nb3 Ba7 7.O-O Nc6 8.c3 
Nf6 9.Bf4 d6 10.N1d2 O-O 11.Qe2 e5 12.Bg5 h6 13.Bh4 g5 14.Bg3 Bg4 15.Qe1 
h5 16.h4 Nh7 17.Kh1 gxh4 18.Bh2 Kh8 19.f3 Be6 20.Bc4 h3 21.g3 Qe7 22.Bg1 
Rg8 23.Bxa7 Nxa7 24.Rg1 Rg7 25.Kh2 Rag8 26.Qe3 Nc6 27.Bxe6 Qxe6 28.Rae1 
Rg6 29.Nc1 Ne7 30.Nd3 f5 31.f4 Nf6 32.Nf2 h4 33.Nf1 Ng4+ 34.Nxg4 Rxg4 35.
exf5 Nxf5 36.Qf3 Qg6 37.fxe5 hxg3+ 38.Nxg3 Rxg3 39.Rxg3 Nxg3 40.Qf6+ Qxf6 
41.exf6 Nh5 42.Kxh3 Nxf6 43.Re7 Rg7 44.Re6 Nd5 45.Rxd6 Nf4+ 46.Kh4 Kg8 47.
c4 Ng6+ 48.Kg5 Ne5+ 49.Kf6 Nxc4 50.Rd8+ Kh7 51.b3 Na5 52.Rd2 Rg6+ 53.Ke7 
Kg7 54.Kd7 Rf6 55.Rd5 Nc6 56.Kc7 b5 57.a4 b4 58.Rd6 Na5 59.Rd4 Nxb3 60.
Rxb4 Nc5 61.Rc4 Ne6+ 62.Kb7 Nd8+ 63.Kc7 Ne6+ 64.Kb7 a5 65.Kb6 Rf5 66.Rc8 
Nd4 67.Rc4 Nb3 68.Rc3 Rf6+ 69.Kb5 Rf5+ 70.Kb6 Nd4 71.Rc4 Ne6 72.Rc8 
1/2-1/2

[Event "zonal 3.5 (w)"]
[Site "Zhongshan CHN"]
[Date "2013.11.04"]
[Round "7.12"]
[White "Yuan Ye"]
[Black "Jiang Zhaoyi"]
[Result "1-0"]
[WhiteElo "2037"]
[BlackElo "1891"]
[EventDate "2013.10.29"]
[PlyCount "123"]

1.d4 Nf6 2.c4 e6 3.Nf3 b6 4.g3 Ba6 5.Qa4 Bb7 6.Bg2 Be7 7.O-O O-O 8.Nc3 c5 
9.Rd1 d6 10.dxc5 bxc5 11.Bf4 Nh5 12.Be3 Qb6 13.Rd2 a6 14.Rb1 f5 15.Bg5 Nf6
16.b4 Bc6 17.Qb3 Qxb4 18.Qxb4 cxb4 19.Rxb4 Nbd7 20.Nd4 Bxg2 21.Kxg2 Nc5 
22.Nc6 Kf7 23.Nxe7 Kxe7 24.Rb6 Rfd8 25.f3 Ra7 26.Rc6 a5 27.Be3 Ra6 28.
Rcxd6 Rdxd6 29.Bxc5 Kd7 30.Bxd6 Rxd6 31.Rb2 Rc6 32.Na4 Kc7 33.c5 Nd5 34.
Kf2 e5 35.e4 fxe4 36.fxe4 Nb4 37.Ke3 Rf6 38.a3 Nc6 39.Nc3 Rf1 40.Kd3 Ra1 
41.Nb5+ Kd7 42.Rf2 Ke6 43.Nc7+ Ke7 44.Nb5 Rc1 45.Rc2 Re1 46.Kc4 Ke6 47.Nc3
Nd4 48.Rb2 Rc1 49.Kd3 Rf1 50.Rb7 Rf2 51.Rxg7 Rxh2 52.Ra7 Nc6 53.Rc7 Ne7 
54.Ra7 Nc6 55.Rg7 Ne7 56.Kc4 Rb2 57.Nd5 Nc6 58.Rxh7 Rc2+ 59.Kb5 Nd4+ 60.
Kb6 Rb2+ 61.Ka6 Nc6 62.Rh6+ 1-0

[Event "zonal 3.5 (w)"]
[Site "Zhongshan CHN"]
[Date "2013.11.04"]
[Round "7.13"]
[White "Yao Lan"]
[Black "Li Yunshan"]
[Result "1-0"]
[WhiteElo "1966"]
[BlackElo "1767"]
[EventDate "2013.10.29"]
[PlyCount "79"]

1.e4 e6 2.d4 d5 3.Nc3 dxe4 4.Nxe4 Bd7 5.Nf3 Bc6 6.Bd3 Nd7 7.c3 Ngf6 8.Ng3 
Be7 9.O-O O-O 10.Qe2 Bxf3 11.Qxf3 c6 12.Bg5 Qa5 13.Bd2 Qc7 14.Rfe1 Rfd8 
15.b4 Rac8 16.Nf5 Bd6 17.Nxd6 Qxd6 18.Bf4 Qd5 19.Qe2 Qh5 20.f3 Nd5 21.Bd2 
Re8 22.Qf2 f6 23.Re4 f5 24.Re2 b6 25.Rae1 Qf7 26.c4 N5f6 27.Bc3 c5 28.dxc5
bxc5 29.b5 Nb6 30.Bc2 Nbd7 31.a4 Nf8 32.Be5 N8d7 33.Bd6 e5 34.Bxe5 Nxe5 
35.Rxe5 Rxe5 36.Rxe5 Qxc4 37.Bxf5 Rc7 38.Be6+ Qxe6 39.Rxe6 Kf7 40.Rc6 1-0

[Event "zonal 3.5 (w)"]
[Site "Zhongshan CHN"]
[Date "2013.11.04"]
[Round "7.14"]
[White "Xu Huahua"]
[Black "Huang Mofei"]
[Result "1/2-1/2"]
[WhiteElo "2125"]
[BlackElo "1984"]
[EventDate "2013.10.29"]
[PlyCount "89"]

1.e4 c6 2.d4 d5 3.Nc3 dxe4 4.Nxe4 Bf5 5.Ng3 Bg6 6.h4 h6 7.Nf3 Nd7 8.h5 Bh7
9.Bd3 Bxd3 10.Qxd3 e6 11.Bd2 Ngf6 12.O-O-O Qc7 13.Ne4 Nxe4 14.Qxe4 Nf6 15.
Qe2 O-O-O 16.Kb1 c5 17.dxc5 Bxc5 18.Rh4 Nd5 19.Rc4 b5 20.Rg4 Rhg8 21.Qxb5 
Qb6 22.Qc4 Kb7 23.a4 Bxf2 24.a5 Qa6 25.Rf1 Be3 26.Re4 Bxd2 27.Nxd2 Nf6 28.
Nb3 Qxc4 29.Rxc4 Rd5 30.g4 Rc8 31.a6+ Kb8 32.Rb4+ Ka8 33.Rb7 Rf8 34.Rc7 
Rd7 35.Rxd7 Nxd7 36.Nd4 Kb8 37.Rf3 Kc7 38.Rc3+ Kb6 39.Rc6+ Ka5 40.c3 Nb6 
41.Rc7 Kxa6 42.Nc6 Nd5 43.Rd7 Kb6 44.Ne5 Nf6 45.Re7 1/2-1/2

[Event "zonal 3.5 (w)"]
[Site "Zhongshan CHN"]
[Date "2013.11.05"]
[Round "8.1"]
[White "Zhai Mo"]
[Black "Wang Jue"]
[Result "0-1"]
[WhiteElo "2301"]
[BlackElo "2382"]
[EventDate "2013.10.29"]
[PlyCount "182"]

1.e4 c5 2.Nf3 d6 3.d4 cxd4 4.Nxd4 Nf6 5.Nc3 a6 6.Be3 e5 7.Nf3 Be7 8.Bc4 
O-O 9.O-O Qc7 10.Bb3 Be6 11.Nh4 g6 12.Nf3 Rc8 13.Bxe6 fxe6 14.Ng5 Qd7 15.
f4 Nc6 16.Kh1 Rf8 17.Qe2 exf4 18.Bxf4 Nh5 19.Be3 Ne5 20.a4 Bf6 21.Rad1 Qe7
22.Nh3 Bg7 23.a5 Rac8 24.Rxf8+ Rxf8 25.Na2 Qc7 26.Ng5 Qd7 27.b3 h6 28.Nh3 
Qc6 29.Nf2 Nf6 30.Bd4 Nfd7 31.Kg1 Kh7 32.Qd2 Nc5 33.Qe3 h5 34.Re1 Qb5 35.
Bc3 Qc6 36.Qe2 Ncd7 37.Qd2 Nc5 38.Bd4 Qc7 39.Nh3 Qe7 40.Nf2 Qf6 41.Be3 Qe7
42.Rd1 Nf7 43.Nc1 Qh4 44.Bf4 Be5 45.Ncd3 Bd4 46.Nxc5 Bxc5 47.Be3 Ne5 48.
Bxc5 dxc5 49.Qe3 Qe7 50.Qd2 c4 51.Qd4 Qg5 52.Kh1 Qf6 53.Kg1 cxb3 54.cxb3 
Qg5 55.Kh1 Rf7 56.Qc5 Qf6 57.Kg1 Qg5 58.Kh1 Qf4 59.Kg1 Ng4 60.Nxg4 Qxg4 
61.Qc2 Qg5 62.Qc3 Qf4 63.Qe1 Qe5 64.h3 Qc5+ 65.Kh2 Qc2 66.Qd2 Qxe4 67.Re1 
Qf5 68.Qd6 Qf4+ 69.Qxf4 Rxf4 70.Rxe6 Rb4 71.Rb6 Rxb6 72.axb6 g5 73.Kg3 Kg6
74.h4 Kf5 75.hxg5 Kxg5 76.Kf3 h4 77.Ke4 Kg4 78.Ke5 Kg3 79.Kd6 Kxg2 80.Kc7 
h3 81.Kxb7 h2 82.Ka7 h1=Q 83.b7 Qh7 84.Ka8 Qe4 85.Ka7 Qe3+ 86.Kxa6 Qxb3 
87.Ka7 Qa4+ 88.Kb6 Qb4+ 89.Kc7 Qc5+ 90.Kd7 Qb6 91.Kc8 Qc6+ 0-1

[Event "zonal 3.5 (w)"]
[Site "Zhongshan CHN"]
[Date "2013.11.05"]
[Round "8.3"]
[White "Gu Tianlu"]
[Black "Shen Yang"]
[Result "1-0"]
[WhiteElo "1984"]
[BlackElo "2415"]
[EventDate "2013.10.29"]
[PlyCount "87"]

1.d4 Nf6 2.c4 e6 3.Nc3 Bb4 4.e3 O-O 5.Ne2 d5 6.a3 Be7 7.Nf4 c6 8.cxd5 exd5
9.Bd3 Re8 10.O-O Nbd7 11.b4 a6 12.Qc2 Bd6 13.h3 Nf8 14.Bd2 Bc7 15.Rfe1 Qd6
16.e4 dxe4 17.Nxe4 Nxe4 18.Bxe4 Bd7 19.g3 Qxd4 20.Bc3 Qd6 21.Nh5 f6 22.
Rad1 Qe7 23.Bxh7+ Nxh7 24.Rxe7 Rxe7 25.Qg6 Rf8 26.Kg2 b5 27.Re1 Ref7 28.
Bd4 Bd6 29.h4 Be8 30.Qf5 Bd7 31.Qd3 Be5 32.Bc5 Rd8 33.Kh2 Re8 34.Re3 Nf8 
35.Qe2 Rc8 36.f4 Bc7 37.Re7 Bd8 38.Rxf7 Kxf7 39.Qd3 Be8 40.Qd6 Ne6 41.f5 
Nxc5 42.bxc5 Ra8 43.Nf4 Kg8 44.Ne6 1-0

[Event "zonal 3.5 (w)"]
[Site "Zhongshan CHN"]
[Date "2013.11.05"]
[Round "8.5"]
[White "Tan Zhongyi"]
[Black "Su Yamin"]
[Result "1-0"]
[WhiteElo "2490"]
[BlackElo "2209"]
[EventDate "2013.10.29"]
[PlyCount "101"]

1.d4 Nf6 2.Nf3 e6 3.c4 c5 4.g3 b6 5.Bg2 Bb7 6.O-O Be7 7.d5 exd5 8.Nh4 O-O 
9.cxd5 d6 10.Nf5 b5 11.e4 Qd7 12.b4 Na6 13.Bb2 Nxb4 14.Qd2 Ne8 15.Bh3 Qd8 
16.Nc3 Bf6 17.a3 Na6 18.Nxb5 Bc8 19.Rab1 Nac7 20.Bxf6 Qxf6 21.Qa5 Nxd5 22.
Bg2 Nb6 23.Ne3 Qe7 24.e5 d5 25.Nxd5 Nxd5 26.Bxd5 Bb7 27.Bxb7 Qxb7 28.Rfe1 
Qc6 29.a4 g6 30.Rbc1 Qb6 31.Qc3 Rc8 32.Qc4 a6 33.Nc3 Ng7 34.Ne4 Ne8 35.
Nxc5 Ng7 36.Qxa6 Qb2 37.Rb1 Qd2 38.Ne4 Qd4 39.Rbd1 Qb4 40.Qb5 Qa3 41.Re3 
Qa2 42.Nf6+ Kh8 43.g4 Rfd8 44.Rxd8+ Rxd8 45.Rh3 h5 46.gxh5 g5 47.Rd3 Rc8 
48.Qd7 Qc4 49.Rd4 Qc1+ 50.Rd1 Qc2 51.Qd3 1-0

[Event "zonal 3.5 (w)"]
[Site "Zhongshan CHN"]
[Date "2013.11.05"]
[Round "8.7"]
[White "Ren Xiaoyi"]
[Black "Cai Jiaying"]
[Result "1/2-1/2"]
[WhiteElo "2198"]
[BlackElo "2082"]
[EventDate "2013.10.29"]
[PlyCount "50"]

1.d4 d5 2.c4 c6 3.cxd5 cxd5 4.Nf3 Nc6 5.Nc3 Nf6 6.Bf4 Bf5 7.e3 e6 8.Qb3 
Bb4 9.Bb5 O-O 10.Bxc6 Bxc3+ 11.Qxc3 Rc8 12.Ne5 Ng4 13.Nxg4 Bxg4 14.O-O 
Rxc6 15.Qd2 Qb6 16.Rac1 Rfc8 17.b4 Bf5 18.a3 Rc2 19.Rxc2 Rxc2 20.Rc1 Qc6 
21.Rxc2 Qxc2 22.Qxc2 Bxc2 23.h4 a6 24.Kf1 Bd3+ 25.Ke1 b5 1/2-1/2

[Event "zonal 3.5 (w)"]
[Site "Zhongshan CHN"]
[Date "2013.11.05"]
[Round "8.8"]
[White "Qiu Mengjie"]
[Black "Xiao Yiyi"]
[Result "0-1"]
[WhiteElo "2123"]
[BlackElo "2187"]
[EventDate "2013.10.29"]
[PlyCount "60"]

1.e4 c5 2.Nf3 e6 3.d4 cxd4 4.Nxd4 Nc6 5.Nb5 d6 6.c4 Nf6 7.N1c3 a6 8.Nd4 
Be7 9.Be2 O-O 10.O-O Qc7 11.Be3 Ne5 12.Rc1 b6 13.f3 Bb7 14.b4 Rac8 15.Na4 
Ned7 16.Qd2 Rfe8 17.a3 Qb8 18.Kh1 d5 19.cxd5 Rxc1 20.Rxc1 exd5 21.Nc6 Bxc6
22.Rxc6 dxe4 23.fxe4 b5 24.Nb2 Qb7 25.Qc2 Ne5 26.Rb6 Qa8 27.Bd4 Rc8 28.Qd2
Qxe4 29.Bxe5 Qxe5 30.Rxa6 Ne4 0-1

[Event "zonal 3.5 (w)"]
[Site "Zhongshan CHN"]
[Date "2013.11.05"]
[Round "8.9"]
[White "Zhu Jiner"]
[Black "Liu Manli"]
[Result "0-1"]
[WhiteElo "1829"]
[BlackElo "2133"]
[EventDate "2013.10.29"]
[PlyCount "170"]

1.e4 e6 2.d4 d5 3.Nc3 Nf6 4.e5 Nfd7 5.f4 c5 6.Nf3 Nc6 7.Be3 Be7 8.Qd2 O-O 
9.dxc5 Bxc5 10.Bxc5 Nxc5 11.O-O-O Qa5 12.Kb1 Rd8 13.Nd4 a6 14.g4 Bd7 15.
Qf2 Nxd4 16.Qxd4 Ne4 17.Nxe4 dxe4 18.Bg2 Bc6 19.Qe3 Bd5 20.a3 Qa4 21.f5 
Rac8 22.Rd2 Qc4 23.b3 Qc7 24.Qg3 Qa5 25.Rhd1 e3 26.Rxd5 exd5 27.Qxe3 Qc7 
28.Qe2 d4 29.h4 Qe7 30.Kb2 Rc3 31.g5 Re3 32.Qc4 Qxe5 33.g6 d3+ 34.Ka2 Qxf5
35.gxf7+ Qxf7 36.Qg4 Qe6 37.Qg5 Rd7 38.Bf1 Qe5 39.Bxd3 Qxg5 40.hxg5 Kf7 
41.Rf1+ Ke7 42.Bxh7 Re5 43.Rf5 Rdd5 44.Rf2 Rxg5 45.Be4 Rd7 46.a4 Re5 47.
Bg2 b6 48.c3 Kd6 49.b4 Rde7 50.Bf1 b5 51.axb5 axb5 52.Kb3 Kc6 53.Rf8 Kc7 
54.Rg8 g5 55.c4 Re3+ 56.Kc2 Rf7 57.Kd2 Rg3 58.Be2 Rg2 59.Re8 bxc4 60.Kc3 
Kd7 61.Re3 Re7 62.Rxe7+ Kxe7 63.Bxc4 Kd6 64.Kd4 Rf2 65.Ke3 Rf4 66.Be2 Rxb4
67.Kf3 Ke5 68.Kg3 Rd4 69.Ba6 Kf6 70.Bc8 Kg6 71.Be6 Ra4 72.Bd7 Ra1 73.Kg4 
Rg1+ 74.Kh3 Kf6 75.Kh2 Rd1 76.Bc8 Rd3 77.Kg2 Ke5 78.Ba6 Ra3 79.Bc8 Kf4 80.
Bd7 g4 81.Be6 Rc3 82.Bd7 Rc2+ 83.Kg1 Kf3 84.Be6 Rc1+ 85.Kh2 g3+ 0-1

[Event "zonal 3.5 (w)"]
[Site "Zhongshan CHN"]
[Date "2013.11.05"]
[Round "8.11"]
[White "Hong Xing"]
[Black "Yuan Ye"]
[Result "1/2-1/2"]
[WhiteElo "1929"]
[BlackElo "2037"]
[EventDate "2013.10.29"]
[PlyCount "57"]

1.e4 c5 2.Nf3 e6 3.d4 cxd4 4.Nxd4 Nf6 5.Nc3 d6 6.Be2 a6 7.O-O Be7 8.f4 O-O
9.Kh1 Nc6 10.Be3 Qc7 11.Qe1 Nxd4 12.Bxd4 b5 13.a3 Bb7 14.Qg3 Rad8 15.Rae1 
Rd7 16.Bd3 Re8 17.Nd1 Bd8 18.e5 dxe5 19.Bxe5 Qb6 20.Ne3 Nh5 21.Qh3 g6 22.
f5 Bg5 23.fxg6 hxg6 24.Bc3 Bxe3 25.Rxe3 Rd5 26.Re2 Rg5 27.Be1 Qd4 28.Bc3 
Qb6 29.Be1 1/2-1/2

[Event "zonal 3.5 (w)"]
[Site "Zhongshan CHN"]
[Date "2013.11.05"]
[Round "8.13"]
[White "Li Yunshan"]
[Black "Xu Huahua"]
[Result "1-0"]
[WhiteElo "1767"]
[BlackElo "2125"]
[EventDate "2013.10.29"]
[PlyCount "41"]

1.d4 Nf6 2.c4 g6 3.Nc3 Bg7 4.e4 d6 5.h3 O-O 6.Nf3 e5 7.d5 Nh5 8.g3 f5 9.
exf5 gxf5 10.Nh4 Nf4 11.Bd2 Na6 12.gxf4 Qxh4 13.fxe5 dxe5 14.Rg1 h6 15.Qf3
Bd7 16.O-O-O Nc5 17.Qe3 b6 18.Qxh6 Qxh6 19.Bxh6 Rf7 20.Be2 Kf8 21.Rxg7 1-0

[Event "zonal 3.5 (w)"]
[Site "Zhongshan CHN"]
[Date "2013.11.05"]
[Round "8.14"]
[White "Xu Fei"]
[Black "Hu Yu A"]
[Result "1-0"]
[WhiteElo "1995"]
[BlackElo "1861"]
[EventDate "2013.10.29"]
[PlyCount "83"]

1.e4 c5 2.Nf3 d6 3.d4 cxd4 4.Qxd4 Nc6 5.Bb5 Bd7 6.Bxc6 Bxc6 7.Nc3 Nf6 8.
Bg5 e6 9.O-O-O Be7 10.Qd3 O-O 11.Nd4 Qa5 12.f4 Rfc8 13.Kb1 Rab8 14.h4 h6 
15.g4 b5 16.Bxf6 Bxf6 17.g5 Bxd4 18.Qxd4 h5 19.g6 Qb6 20.gxf7+ Kxf7 21.Qd3
b4 22.Ne2 Bb5 23.Qf3 Bxe2 24.Qxe2 Rh8 25.f5 Qb5 26.Qe3 Qc5 27.Qg5 Rbc8 28.
Qg6+ Kg8 29.Qxe6+ Kh7 30.Qg6+ Kg8 31.Rh2 Rh6 32.Qg5 Rc7 33.Rg2 Kh7 34.Qd2 
Re7 35.Rdg1 a5 36.Rg5 Qe5 37.Qg2 d5 38.Rg6 Rxg6 39.Qxg6+ Kg8 40.f6 Rf7 41.
fxg7 Qxe4 42.Qxf7+ 1-0

[Event "zonal 3.5 (w)"]
[Site "Zhongshan CHN"]
[Date "2013.11.05"]
[Round "8.17"]
[White "Zhao Shengxin"]
[Black "Bai Xue"]
[Result "1-0"]
[WhiteElo "1805"]
[BlackElo "1581"]
[EventDate "2013.10.29"]
[PlyCount "53"]

1.d4 Nf6 2.c4 e6 3.g3 d5 4.Bg2 Nbd7 5.Nf3 c5 6.O-O Be7 7.cxd5 exd5 8.Nc3 
Nb6 9.Bg5 c4 10.Ne5 Be6 11.Rc1 O-O 12.f4 h6 13.Bxf6 Bxf6 14.f5 Bc8 15.h4 
Qd6 16.Nb5 Qb8 17.Ng4 Qxg3 18.Nxf6+ gxf6 19.Rc3 Qg7 20.Kh2 Kh8 21.Rg3 Qh7 
22.Nc7 Rb8 23.Qd2 Bd7 24.Nxd5 Nxd5 25.Bxd5 b5 26.Qf4 Rbd8 27.Qd6 1-0